000 00599pam a2200217 a 4500
001 1493299
005 20180315090839.0
008 880713s1989 njua d 001 0 eng
010 _a 88022474
020 _a0137254172
040 _aDLC
_cDLC
_dDLC
041 _aeng
080 _a651.0321 VRI
082 0 0 _a651 0321 VRI
_219
100 _a24
101 _aGJU
245 0 0 _aProfessional secretary's encyclopedic dictionary /
_cby the Prentice-Hall editorial staff.
906 _a7
_bcbc
_corignew
_d1
_eocip
_f19
_gy-gencatlg
942 _2ddc
_cBK
999 _c45158
_d45158